Statistics for Scarlett Johansson Movies

Click here to take the quiz!

General Stats

  • This quiz has been taken 765 times
    (535 since last reset)
  • The average score is 8 of 38

Answer Stats

HintAnswer% Correct
2012The Avengers
93%
2010Iron Man 2
62%
2003Lost in Translation
55%
2014Captain America: The Winter Soldier
46%
2005Match Point
37%
2013Her
36%
2008Vicky Cristina Barcelona
32%
2013Don Jon
31%
2003Girl with a Pearl Earring
31%
2008The Other Boleyn Girl
30%
1998The Horse Whisperer
29%
2005The Island
28%
2013Under The Skin
27%
2001Ghost World
25%
1997Home Alone 3
25%
2009He's Just Not That Into You
22%
2006The Prestige
21%
2006Scoop
20%
2007The Nanny Diaries
20%
2011We Bought a Zoo
20%
2002Eight Legged Freaks
14%
2004The Perfect Score
14%
2006The Black Dahlia
13%
2014Chef
10%
2004A Love Song for Bobby Long
9%
1994North
9%
2008The Spirit
9%
2012Hitchcock
8%
2004In Good Company
8%
1996Manny & Lo
8%
2004The SpongeBob Squarepants Movie
8%
2004A Good Woman
7%
2001The Man Who Wasn't There
7%
1995Just Cause
6%
1997Fall
5%
1996If Lucy Fell
5%
1999My Brother the Pig
5%
2001An American Rhapsody
4%

Score Distribution

Percentile by Number Answered

Percent of People with Each Score

Your Score History

You have not taken this quiz since the last reset